Science Quiz

Random Science or Food Quiz

Food Animal Midterm 3 part 3 Quiz Stats

 Plays Quiz not verified by Sporcle

Also try: Largest Organisms
Challenge
Share
Tweet
Embed
Score 0/61 Timer 20:00
0 Plays Today
Hint Answer % Correct
Approximately what cost will each lame cow amount to?350 dollars
71.4%
True or false: the incidence of lameness is approximately the same as the incidence of lesions?false, lesions in 30-70%, lameness 5-30%.
71.4%
If a cow is standing with an arched back, the minimum lameness score is?3
71.4%
If an animal has an arched back only when walking, it's lameness score is?2
71.4%
The minimum lameness score for an animal that has an abnormal gait is?4
71.4%
If an animal is non-weight bearing on a limb, what is the locomotion score?5 on lameness scale
71.4%
The use of these in tie stalls has improved welfare by reducing hygromas, tarsal cellulitis.pasture mats
57.1%
What is the most common nerve affected causing Maternal Obstetrical Paralysis?sciatic nerve, not obturator, although MOP is also referred to as obturator paralysis and this can be the source as well
42.9%
Injection neuropathy in neonates of the semi-membranosis or tendinosis muscles causes?sciatic nerve paralysis
42.9%
If a cow has its hock turned inward, and stifle and digit turned outward, what condition is the cause of the lameness?hip subluxation or luxation
28.6%
If a cow is unable to stand after 24 hours and 2 treatments for hypocalcemia, and all other causes have been ruled out, by definition it has?Downer cow syndrome
28.6%
This condition may present in a proximal form with failure to extend elbow, carpus and fetlock or distal form with only carpus and fetlock.radial nerve paralysis
28.6%
This nerve normally extends the hock and flexes the digits. It runs beneath the gastrocnemius muscle.tibial nerve
28.6%
This nerve normally flexes the hock, extends the digits, and passes superficially over lateral femoral condyle and head of fibula.peroneal nerve
28.6%
This syndrome, most common in adult dairy cattle and AI bulls has a strong genetic component and results in muscle trembling, and hyperextension of hind limbs.spastic syndrome
28.6%
Elso heel is a colloquial name for what condition?spastic paresis
28.6%
This condition is a false bursa that develops over bony structures due to chronic trauma. Rarely becomes infected, treatment is not required unless the animal is lame.carpal hygroma
28.6%
An acute infection of Clostridium chauveoi, C. novyi, C. septicum can all cause this condition.blackleg
28.6%
Toxemia caused by C. septicum, C. sordelli, C. novyi from parturition or castration wounds, injection sites or pharmaceuticals that have been contaminated produces?malignant edema
28.6%
True or false: all cows, beef or dairy, should get regular foot trimming every 6 months.False, that's mainly for dairy, but beef bulls should get yearly checks alongside BSE, as both are important for successful breeding
28.6%
If an animal has continuous flexion of the stifle, or is touching only its toe to the ground, what kind of stifle injuries might it have?partial or complete rupture of cranial cruciate ligament or meniscal injury
14.3%
Large calves that are pulled at birth may suffer from this condition, causing them to collapse when attempting to stand, as the quadriceps cannot extend the stifle.femoral nerve paralysis
14.3%
Hairless, thickened skin, thick walled bursae and treatment with rubrifacients, drainage and flushing are characteristic of?tarsal cellulitis
14.3%
An overly upright conformation, repetitive standing injuries, osteochondritis are all characteristic of?Tarsal effusion
14.3%
Between the sole and the wall, there is the ____ _____.white line
14.3%
Between the navicular bone and the deep flexor tendon, there is the ____ ___navicular bursa
14.3%
What is generally the most common cause of acute laminitis?grain overload, rumen acidosis
14.3%
Name the four possible complications of chronic laminitis?sole ulcer
14.3%
sole abscess
14.3%
white line disease
14.3%
abnormal hoof growth
14.3%
Hint Answer % Correct
What bone loses support with laminitis, causing hemorrhage, ulceration and abscess (with bacterial involvement).P3
14.3%
The _____ claw in hind limbs, and the _____ claw in front limbs are usually affected by sole ulcers.lateral
14.3%
medial
14.3%
What is the most common part of the foot affected by white line disease?lateral claw of hind limb
14.3%
Which of the following is not a recommended treatment for ulceration or abscessation of hooves?a
14.3%
Abrasion of the interdigital skin and entry of this bacteria (or other less common pathogenic causes) leads to foot rot.Fusobacterium necrophorum
14.3%
Which AMD would you NOT recommend to treat pasture footrot?d
14.3%
Name a footbath substance that can help prevent footrot?copper sulfate, zinc sulfate (for sheep)
14.3%
Treponema spp. are the cause of this condition of superficial inflammation fo the epidermis proximal to the caudal interdigital space?Digital dermatitis, AKA hairy heel wart, strawberry foot rot
14.3%
Sand cracks that are limited to the coronary band are ____ _. If they go to a weight bearing surface they are ____ _type 1
14.3%
type 3
14.3%
Name a potential cause of sand cracks?NOT dryness- biotin deficiency or change from poor to lush feed
14.3%
This is the most common claw affected by corkscrew claw.hind lateral
14.3%
What must be ruptured for the toe to point upwards with septic arthritis of the distal interphalangeal joint?deep digital flexor tendon
14.3%
When looking at treatment options for septic arthritis of the distal interphalangeal joint, this option is the most rapid and inexpensive, and facilitates a rapid return to productdigit amputation
14.3%
This alternate treatment option for septic arthritis of the distal interphalangeal joint is more cosmetic, and allows for a longer lifespan.arthrodesis, most commonly through solar approach, but lateral approach is necessary for infections originating from the interdigital space
14.3%
This is the only option if an animal is non-weight bearing and client cannot afford arthrodesis or digit amputation?euthanasia
14.3%
Joint ill of neonatal calves is generally secondary to one of these conditions?omphalophlebitis, neonatal calf diarrhea
14.3%
100% of the patients that develop this type of arthritis already have chronic bronchopneumonia.Mycoplasma arthritis
14.3%
Name a bacterial cause of septic arthritis of neonatal calves?Escherichia coli
14.3%
truperella pyogenes
14.3%
fusobacterium necrophorum
14.3%
What are the most common tendons that get contracted?deep and superficial flexor
0%
In the formula for claw size [=Fx(G+H)/2], what does F stand for?claw diagonal length
0%
Name a complication of white line disease?penetration of navicular bursa
0%
septic arthritis of P2
0%
septic arthritis of P3
0%
Stable foot rot or interdigital dermatitis are other names for this condition, caused by Dichelobacter nodosus.Heel horn erosion
0%
Septic arthritis of the ____ ________ joint would be characterized by swollen cronary bands, fistulous tracts, potentially upward tilted toes.distal interphalangeal
0%
With this condition caused by mycoplasma, 50% will fully recover, and a small percentage will recover enough for early salvage slaughter.CPPS (Chronic Pneumonia and Polyarthritis Syndrome)
0%

You're not logged in!

Compare scores with friends on all Sporcle quizzes.
Join for Free
OR
Log In

You Might Also Like...

Show Comments

Extras

Created Mar 1, 2014ReportNominate
Tags:Animal Quiz, Food Quiz, midterm

Top Quizzes Today


Score Distribution

Your Account Isn't Verified!

In order to create a playlist on Sporcle, you need to verify the email address you used during registration. Go to your Sporcle Settings to finish the process.

Report this User

Report this user for behavior that violates our Community Guidelines.

Details: